header

Gazing in useless wonder (Record no. 39437)

MARC details
000 -LEADER
fixed length control field 01299nam a2200325 a 4500
100 1# - MAIN ENTRY--AUTHOR NAME
Personal name Blaim, Artur.
245 10 - TITLE STATEMENT
Title Gazing in useless wonder
260 ## - PUBLICATION, DISTRIBUTION, ETC. (IMPRINT)
Place of publication Oxford ;
-- New York :
Name of publisher Peter Lang,
Year of publication 2013.
300 ## - PHYSICAL DESCRIPTION
Number of Pages viii, 356 p.
490 1# - SERIES STATEMENT
Series statement Ralahine utopian studies,
650 #0 - SUBJECT ADDED ENTRY--TOPICAL TERM
Topical Term English fiction
Topical Term Utopias in literature.
856 40 - ELECTRONIC LOCATION AND ACCESS
Uniform Resource Identifier http://site.ebrary.com/lib/rucke/Doc?id=10722786

No items available.

© 2026 Rongo University
Contact us: librarian | system librarian | Rongo university